000 00454nam a22001937a 4500
003 MPLRDC
005 20220104145041.0
008 210129b ||||| |||| 00| 0 eng d
020 _a986-124-055-1
082 _a857.63 TJS-5
100 _a藤井树
245 _aB栋11楼
_c
250 _a初版
260 _a
_b商周出版
_c2003
300 _b
490 _a网络小说. 45
650 _a短篇小说--别集
942 _cBK
_o857.63 TJS-5
999 _c51109
_d51099